Pan Tau : (Registro nro. 10948)

Detalles MARC
000 -LIDER
fixed length control field 01162nam a22003137a 4500
001 - NÚMERO DE CONTROL
Identificador de número de control 000403
003 - IDENTIFICACDOR DE NÚMERO DE CONTROL
control field DO-SdBNP
005 - DATE AND TIME OF LATEST TRANSACTION
control field 20180201151045.0
007 - CAMPOS FIJOS DE DESCRIPCIÓN FÍSICA
fixed length control field 000403
008 - ELEMENTOS DE LONGITUD FIJA
fixed length control field 160719b 1987 sp a xxu||||| |||| 00| 0 spa d
020 ## - ISBN
International Standard Book Number 8434586231
040 ## - FUENTE DE CATALOGACIÓN
Agencia que crea de manera original el registro BPMSU
Idioma de catalogación spa
Agencia que realiza la transcripción BPMSU
092 ## - LOCALLY ASSIGNED DEWEY DECIMAL CALL NUMBER
Número de clasificación xxxxx
Número de ítem (Cutter) xxxxx
100 1# - ASIENTO PRINCIPAL -- NOMBRE PERSONAL
Nombre personal Hofman, Ota,
Fechas asociadas con el nombre 1928-
240 10 - TITULO UNIFORME
Título uniforme Pan Tau a tisic zazrakú.
Idioma de una obra Español
245 10 - MENCIÓN DE TITULO
Título Pan Tau :
Subtítulo su historia completa, cómo se perdió y cómo volvieron a encontrarle /
Mención de responsabilidad Pan Tau [Texto impreso] : su historia completa, cómo sOta Hofman ; traducción de Lola Romero ; ilustraciones de Günther Lawrenz.
260 ## - PUBLICACIÓN, DISTRIBUCIÓN, ETC. (PIE DE IMPRENTA)
Lugar de publicación, distribución, etc Barcelona :
Nombre del editor, distribuidor, etc. Salvat,
Fecha de publicación, distribución, etc 1987.
300 ## - DESCRIPCIÓN FÍSICA
Extensión v. :
Otros detalles físicos il ;
Dimensiones 22 cm.
490 1# - MENCIÓN DE SERIES
Mención de serie Biblioteca juvenil
Volume/sequential designation 43
500 ## - NOTA GENERAL
Nota general Incluye datos biográficos del autor en la solapa de la contracubierta.
500 ## - NOTA GENERAL
Nota general Titulo original :Pan Tau a tisic zazrakú
505 0# - NOTA DE CONTENIDO
Información miscelánea v. 1
Título Llega Pan Tau --
700 12 - ASIENTO SECUNDARIO -- NOMBRE PERSONAL
Nombre personal Romero, Lola,
Mención de responsabilidad tr.
700 12 - ASIENTO SECUNDARIO -- NOMBRE PERSONAL
Nombre personal Lawrenz, Günther,
Mención de responsabilidad il.
830 #0 - ASIENTO SECUNDARIO DE SERIE--TÍTULO UNIFORME
Nombre de la parte o sección de una obra Biblioteca juvenil ;
Volume number/sequential designation 43
942 ## - ADDED ENTRY ELEMENTS (KOHA)
Source of classification or shelving scheme Dewey Decimal Classification
Koha item type Libros
945 ## - INFORMACIÓN DE PROCESAMIENTO LOCAL
Información de procesamiento local Inventariado, 2018 / BT
956 ## - LOCAL ELECTRONIC LOCATION AND ACCESS (OCLC)
Método de acceso LOPEREZ
Materiales especificados 10
Enlace 20160719
Campo enlazado y núm. de secuencia BPMSU
Nombre de host 00041
Existencias
Withdrawn status Lost status Source of classification or shelving scheme Damaged status Not for loan Collection code Home library Current library Date acquired Source of acquisition Total Checkouts Barcode Date last seen Price effective from Koha item type
    Dewey Decimal Classification     Colección Juvenil General Biblioteca Pública Metropolitana Salomé Ureña Biblioteca Pública Metropolitana Salomé Ureña 07/19/2016 FUNDI   BPMSU16070547 07/19/2016 07/19/2016 Libros